=LDR 00000nam 2200000 4500 =001 000904 =005 20250712121628 =035 ##$$a 0010-0725000782 =007 ta =008 250712################a##########0#ind## =020 ##$$a 978-623-307-321-9 =082 ##$$a 398. 209 598 =084 ##$$a 398. 209 598 KAP s =100 #$$a Kapur, Aparna =245 1#$$a Seni di Sekitar Kita : $b Jauh, Dekat, dan Dalam Berbagai Benda /$c Aparna Kapur =250 ##$$a Cetakan Kedua =260 ##$$a Jakarta Timur :$b Badan Pengembangan dan Pembinaan Bahasa,$c 2024 =300 ##$$a 14 hlm. : $b Ilus. ; $c 29 cm =650 #4$$a Cerita anak Indonesia-Terjemahan =650 #4$$a Literasi-Bahan Bacaan =856 ##$$a TBM As-Suhada =990 ##$$a TBM202400624